The economic development of Iraq ; report of a mission organized by the International Bank for Reconstruction and Development at the request of the Government of Iraq.

Bibliographic Details
Corporate Author: World Bank
Format: Book
Language:English
Published: [Baltimore] : Johns Hopkins Press, 1952.
Subjects:

MARC

Tag First Indicator Second Indicator Subfields
LEADER 00000cam a2200000 4500
001 in00000066824
005 20151008050801.0
008 750530s1952 mdu 00000 eng u
010 |a  52002530  
035 |a (OCoLC)01361974 
035 |9 AAG3333AM 
040 |c WSU  |d TXA  |d UtOrBLW 
049 |a TXAM  |c [215553] 
050 0 |a HC497.I7  |b I65 
082 0 |a 330.9567 
092 |a 330.9567  |b I61e 
110 2 |a World Bank. 
245 1 4 |a The economic development of Iraq ;  |b report of a mission organized by the International Bank for Reconstruction and Development at the request of the Government of Iraq. 
264 1 |a [Baltimore] :  |b Johns Hopkins Press,  |c 1952. 
300 |a xix, 463 pages :  |b folded maps, plans. ;  |c 23 cm. 
336 |a text  |b txt  |2 rdacontent 
337 |a unmediated  |b n  |2 rdamedia 
338 |a volume  |b nc  |2 rdacarrier 
651 0 |a Iraq  |x Economic conditions. 
999 |a MARS 
999 f f |s ed550727-2bbc-356b-97ad-b6433b63d483  |i b404ec00-c4cd-3777-afe6-71b6510bc4b2  |t 0 
952 f f |p ric  |a Texas A&M University  |b Rellis Campus  |c Joint Library Facility  |d Remote Storage  |t 0  |e HC497.I7 I65  |h Library of Congress classification  |i unmediated -- volume  |m A14800704627 
998 f f |a HC497.I7 I65  |t 0  |l Remote Storage